Taika Waititi Movies - Statistics

General Stats
  • This quiz has been taken 4 times
  • The average score is 4 of 6
Answer Stats
Release Year Answer % Correct
2017 Thor: Ragnarok
100%
2019 Jojo Rabbit
75%
2022 Thor: Love and Thunder
75%
2014 What We Do in the Shadows
50%
2010 Boy
25%
2016 Hunt for the Wilderpeople
25%
No matching quizzes found
Score Distribution
Percent of People with Each Score
Percentile by Number Answered
Your Score History
You have not taken this quiz